University Home | Library Home | Institutional Repository

Old-country music in a new land (Record no. 132823)

MARC details
000 -LEADER
fixed length control field 00933cam6a220022900 4500
001 - CONTROL NUMBER
control field tmp15788362
003 - CONTROL NUMBER IDENTIFIER
control field UPRA
005 - DATE AND TIME OF LATEST TRANSACTION
control field 20190822112208.0
007 - PHYSICAL DESCRIPTION FIXED FIELD--GENERAL INFORMATION
fixed length control field sdubmmennmpune
008 - FIXED-LENGTH DATA ELEMENTS--GENERAL INFORMATION
fixed length control field 951030s1977 nyu eng u
028 02 - PUBLISHER OR DISTRIBUTOR NUMBER
Publisher or distributor number NW 264 New World Records
Source NW 264 New World Records
035 ## - SYSTEM CONTROL NUMBER
System control number (Sirsi) r51358
035 ## - SYSTEM CONTROL NUMBER
System control number (UPRA)tmp15788362
040 ## - CATALOGING SOURCE
Transcribing agency UPRA
245 00 - TITLE STATEMENT
Title Old-country music in a new land
Medium [sound recording] :
Remainder of title folk music of immigrants from Europe and the Near East.
260 ## - PUBLICATION, DISTRIBUTION, ETC.
Place of publication, distribution, etc. New York :
Name of publisher, distributor, etc. New World Records,
Date of publication, distribution, etc. 1977.
504 ## - BIBLIOGRAPHY, ETC. NOTE
Bibliography, etc. note Notes, 2 p., Oscar Handlin and Richard Spottswood inside sleeve including chronology of American immigration and selected bibliography. Program notes on rear of sleeve.
650 #0 - SUBJECT ADDED ENTRY--TOPICAL TERM
Topical term or geographic name entry element Folk songs, American.
Linkage S6264.1
650 #0 - SUBJECT ADDED ENTRY--TOPICAL TERM
Topical term or geographic name entry element Fold-songs -- United States.
Geographic subdivision Fold-songs -- United States.
Linkage S6284.1
949 ## - LOCAL PROCESSING INFORMATION (OCLC)
a M1668.9
w lcc
i -65106
m MAIN
t BOOK
l ON-SHELF

No items available.

© 2026 - The University of Zambia Library - Koha v25.11